000 01114cam a2200349 a 4500
001 2174
003 FISKH
005 20231108132001.0
008 901217s1991 ohua b 000 0 eng
010 _a 90072104
020 _a0874038235
020 _a0872394107
035 _a(DLC) 90072104
040 _aDLC
_cDLC
_dDLC
_beng
042 _alcac
050 0 0 _aBF575.L8
_bE36 1991
082 0 0 _a177/.7
_221
100 1 _aEberle, Sarah.
245 1 0 _aWhat is love? /
_cwritten by Sarah Eberle ; illustrated by Brown Jan
260 _aCincinnati, Ohio :
_bStandard,
_c1980.
300 _a24 unnumbered pages :
_bcolor illustrations ;
_c21 cm
440 2 _aA happy day book
505 _aG
520 _aThere is many meaning of love. Love your families and friends. Love your pets and animals. Love your enemies, someone hurt, and many more.
521 8 _a380
_bLexile estimate
521 8 _aG
_bRaz-Plus
650 0 _aLove
_xJuvenile literature.
650 1 _aLove.
700 1 _aJan, Brown
_eillustrator
906 _a7
_bcbc
_corignew
_d3
_eopcn
_f19
_gy-gencatlg
942 _2ddc
_cBK
_n0
999 _c2174
_d2174